| 000 | 00464nam a2200181Ia 4500 | ||
|---|---|---|---|
| 003 | GCL | ||
| 008 | 140319s9999 xx 000 0 eng d | ||
| 040 |
_aGCL / _cGCL |
||
| 082 | 0 | 4 |
_a959.7 _bS V |
| 100 | 1 | _aSIVARAM, M. | |
| 245 | 1 | 0 |
_aTHE VIETNAM WAR: WHY ? / _cSIVARAM, M. |
| 260 |
_a[S.N] : _bA MACFADDEN-BARTELL BOOK ، _c1966 |
||
| 300 | _a128 P | ||
| 650 | 0 | 4 | _aUNITED STATES |
| 650 | 0 | 4 | _aASIA - HISTORY |
| 650 | 0 | 4 | _aVIETNAM - HISTORY |
| 942 |
_2ddc _cBK |
||
| 999 |
_c11760 _d11760 |
||